00237nam a22000857a 4500100001700000245008500017260002600102300000700128650001600135 aPerera,M.R.M aDevelopment of an Adsorptive Method to Remove Urea and Ammonia from Waste Water aColombobIchemcc2011 a28 awaste water